000 00464nam a22001817a 4500
005 20211115102648.0
008 211115b ||||| |||| 00| 0 eng d
040 _aIN-DiNC
_cIN-DiNC
041 _dasm
082 _a891.4512
_bSAR
100 _aSarma, Arun
_eauthor
245 _aKukurnechiya manuh/
_cby Arun Sarma
250 _a1st ed.
260 _aGuwahati:
_bBanalata,
_c2017
300 _a44p.
650 _aAssamese drama by Arun Sarma
942 _2ddc
_cBK
999 _c11229
_d11229